The steppe /

Bibliographic Details
Main Author: Chekhov, Anton Pavlovich, 1860-1904
Format: Book
Language:English
Published: Gloucester : New York : Hippocrene Books, Sutton ; 1987.
Subjects:

MARC

Tag First Indicator Second Indicator Subfields
LEADER 00000cam a22000008a 4500
001 in00000016518
005 20151007052807.0
008 870520s1987 enk 00011 eng d
010 |a gb 87028456  
015 |a GB87-28456 
020 |a 086299361X (pbk) :  |c £2.95 (June) 
035 |a (OCoLC)16081897 
035 |9 AAA9208AM 
040 |a UKM  |c UKM  |d m/c  |d TXA  |d UtOrBLW 
041 1 |a eng  |h rus 
049 |a TXAM  |c [A12608594] 
050 1 0 |a PG3456.S7 
050 4 |a PG3456.S7  |b G37 1987 
082 0 |a 891.73/3  |2 19 
100 1 |a Chekhov, Anton Pavlovich,  |d 1860-1904. 
245 1 4 |a The steppe /  |c Anton Chekhov ; translated from the Russian by Constance Garnett. 
264 1 |a Gloucester :  |b Sutton ;  |a New York : Hippocrene Books,  |c 1987. 
300 |a vii, 103 pages ;  |c 18 cm. 
336 |a text  |b txt  |2 rdacontent 
337 |a unmediated  |b n  |2 rdamedia 
338 |a volume  |b nc  |2 rdacarrier 
500 |a Translated from the Russian. 
650 0 |a Russian fiction  |y 19th century  |x Translations into English. 
999 |a MARS 
999 f f |s 237de222-df33-396d-804f-6f79bdf87a05  |i 127b1838-dc04-3acc-9bf0-1767f1b06505  |t 0 
952 f f |p normal  |a Texas A&M University  |b College Station  |c Sterling C. Evans Library  |d Evans: Library Stacks  |t 0  |e PG3456.S7 G37 1987  |h Library of Congress classification  |i unmediated -- volume  |m A14812608594 
998 f f |a PG3456.S7 G37 1987  |t 0  |l Evans: Library Stacks